Gramática española
Đã lưu trong:
| Tác giả chính: | |
|---|---|
| Tác giả khác: | |
| Định dạng: | Sách |
| Ngôn ngữ: | Tiếng Tây Ban Nha |
| Được phát hành: |
Barcelona
Ariel
1987
|
| Phiên bản: | 5a. ed |
| Loạt: | Letras e Ideas
|
| Những chủ đề: | |
| Các nhãn: |
Thêm thẻ
Không có thẻ, Là người đầu tiên thẻ bản ghi này!
|
MARC
| LEADER | 00000nam a2200000 a 4500 | ||
|---|---|---|---|
| 001 | UCW0698 | ||
| 003 | CL-VaPUC | ||
| 008 | 881108e19870000SP |||||||||||||||||spa|d | ||
| 082 | 0 | 4 | |a 465 |b ALC |2 21 |
| 100 | |a Alcina Franch, Juan |e autor |9 304603 | ||
| 700 | |a Blecua, José Manuel |e autor |9 304604 | ||
| 245 | 1 | 0 | |a Gramática española |
| 250 | |a 5a. ed | ||
| 300 | |a 1274 p | ||
| 942 | |c BK | ||
| 945 | |d 19881108 00:00:00 | ||
| 260 | |a Barcelona |b Ariel |c 1987 | ||
| 650 | 0 | |a Español gramática |9 264564 | |
| 650 | 7 | |a GRAMATICA HISTORIA |2 CL-VaPUC |9 269955 | |
| 650 | 0 | |a Español |x Sintaxis |9 269956 | |
| 583 | |a last modification |c 19881108 00:00:00 |k Rodrigo Vera | ||
| 490 | 0 | |a Letras e Ideas | |
| 999 | |c 215765 |d 215763 | ||
| 952 | |0 0 |1 0 |4 0 |6 465_000000000000000_ALC_1987 |7 0 |8 A |9 200605 |a BIBEDU |b BIBEDU |d 2019-11-14 |i 2678519 |l 1 |m 1 |o 465 ALC 1987 |p 2678519 |r 2024-05-13 |s 2024-05-03 |w 2019-11-14 |y BK |k LIT | ||
| 952 | |0 0 |1 0 |4 0 |6 465_000000000000000_ALC_1987 |7 0 |8 A |9 200606 |a BIBEDU |b BIBEDU |d 2019-11-14 |i 2678527 |o 465 ALC 1987 |p 2678527 |r 2019-11-14 |w 2019-11-14 |y BK |k LIT | ||
| 952 | |0 0 |1 0 |4 0 |6 465_000000000000000_ALC_1987 |7 0 |8 A |9 200607 |a BIBEDU |b BIBEDU |d 2019-11-14 |i 2678535 |o 465 ALC 1987 |p 2678535 |r 2019-11-14 |w 2019-11-14 |y BK |k LIT | ||